Le Tour de France sur les Champs-Élysées - Statistiques

Statistiques générales
  • Ce quiz a été pris 10 fois
  • Le résultat moyen est 14 sur 42
Statistiques - réponses
Équipe Pays Coureur % Correct
Team Argos - Shimano (2013) Team Giant - Shimano (2014) Flag_of_Germany.svg Marcel Kittel
100%
Jersey_rainbow.svg Team Columbia - HTC (2009) Team HTC - Columbia (2010) HTC - High Road (2011) Sky Procycling (2012) Flag_of_the_United_Kingdom_%281-2%29.svg Mark Cavendish
100%
MaillotB%C3%A9lgica.svg Team Jumbo-Visma (2021) Team Visma | Lease a Bike (2025) Flag_of_Belgium_%28civil%29.svg Wout van Aert
100%
MaillotAllemania.svg Lotto Soudal (2015, 2016) Flag_of_Germany.svg André Greipel
90%
Alpecin - Deceuninck (2022) Flag_of_Belgium_%28civil%29.svg Jasper Philipsen
90%
Lotto Soudal (2019) Flag_of_Australia.svg Caleb Ewan
80%
MaillotIrlanda.PNG Deceuninck - Quick Step (2020) Flag_of_Ireland.svg Sam Bennett
80%
European_champion_jersey_2016.svg UAE Team Emirates (2018) Flag_of_Norway.svg Alexander Kristoff
70%
Team LottoNL-Jumbo (2017) Flag_of_the_Netherlands.svg Dylan Groenewegen
70%
BORA - hansgrohe (2023) Flag_of_Belgium_%28civil%29.svg Jordi Meeus
70%
Quickstep - Davitamon (2004) Flag_of_Belgium_%28civil%29.svg Tom Boonen
70%
MaillotB%C3%A9lgica.svg T-Mobile Team (2005) Flag_of_Kazakhstan.svg Alexandr Vinokurov
50%
Renault - Gitane (1979) Renault - Elf - Gitane (1982) Flag_of_France.svg Bernard Hinault
50%
MaillotAustralia.PNG?uselang=fr Rabobank ProTeam (1999) Lotto - Adecco (2002) Flag_of_Australia.svg Robbie McEwen
50%
Crédit Agricole (2006) Flag_of_Norway.svg Thor Hushovd
50%
ADR - Agrigel - Bottecchia (1989) Flag_of_the_United_States_%28DDD-F-416E_specifications%29.svg Greg LeMond
40%
Superconfex - Yoko - Opel (1988) Flag_of_the_Netherlands.svg Jean-Paul van Poppel
30%
Lotto - Super Club (1990) Flag_of_Belgium_%28civil%29.svg Johan Museeuw
30%
Lampre-Polti (1993) Novell Software - Decca (1995) Flag_of_Uzbekistan.svg Djamolidine Abduzhaparov
20%
GAN (1994) Flag_of_France.svg Eddy Seigneur
20%
Lampre - Daikin (2001) Flag_of_the_Czech_Republic.svg Ján Svorada
20%
Jean Delatour (2003) Flag_of_France.svg Jean-Patrick Nazon
20%
Panasonic - Sportlife (1992) Flag_of_Germany.svg Olaf Ludwig
20%
MaillotB%C3%A9lgica.svg Mapei - Bricobi (1998) Flag_of_Belgium_%28civil%29.svg Tom Steels
20%
Gitane - Campagnolo (1977) Flag_of_France.svg Alain Meslet
10%
Lampre-Fondital (2007) Flag_of_Italy.svg Daniele Bennati
10%
TI - Raleigh (1977) Flag_of_Germany.svg Dietrich Thurau
10%
TVM - Sanyo (1991) Flag_of_the_Soviet_Union.svg Dmitry Konyshev
10%
MG Maglificio - Technogym (1996) Flag_of_Italy.svg Fabio Baldato
10%
MaillotB%C3%A9lgica.svg Flandria - Velda - West-Vlaams Vleesbedrijf (1976) Boule d'Or - Sunair - Colnago (1981) Flag_of_Belgium_%28civil%29.svg Freddy Maertens
10%
Quickstep - Innergetic (2008) Flag_of_Belgium_%28civil%29.svg Gert Steegmans
10%
Batik - Del Monte (1997) Flag_of_Italy.svg Nicola Minali
10%
Mapei - Quickstep (2000) Flag_of_Italy.svg Stefano Zanini
10%
Carpenter - Confortluxe - Flandria (1975) Flag_of_Belgium_%28civil%29.svg Walter Godefroot
10%
MaillotB%C3%A9lgica.svg Panasonic - Raleigh (1984) Flag_of_Belgium_%28civil%29.svg Eric Vanderaerden
0%
TI - Raleigh - Campagnolo (1976) Flag_of_the_Netherlands.svg Gerben Karstens
0%
TI - Raleigh (1978) Flag_of_the_Netherlands.svg Gerrie Knetemann
0%
Cilo - Aufina (1983) Flag_of_Switzerland.svg Gilbert Glaus
0%
Carrera Jeans - Vagabond (1986) Flag_of_Italy.svg Guido Bontempi
0%
7 Eleven (1987) Flag_of_the_United_States_%28DDD-F-416E_specifications%29.svg Jeff Pierce
0%
Ijsboerke - Warncke Eis - Koga Miyata (1980) Flag_of_Belgium_%28civil%29.svg Pol Verschuere
0%
Hitachi - Splendor - Sunair (1985) Flag_of_Belgium_%28civil%29.svg Rudy Matthijs
0%
Aucun quiz correspondant
Distribution des résultats
% des personnes avec chaque résultat
Percentile par nombre de réponses
Votre historique - résultats
Vous n’avez pas pris ce quiz